Microeconomics

Salvato in:
Dettagli Bibliografici
Autore principale: Pindyck, Robert S.
Altri autori: Rubinfeld, Daniel L.
Natura: Libro
Lingua:inglese
Pubblicazione: Upper Saddle River Pearson/Prentice Hall 2009
Edizione:7th ed.
Serie:Pearson international edition
Soggetti:
Tags: Aggiungi Tag
Nessun Tag, puoi essere il primo ad aggiungerne!!

MARC

LEADER 00000nam$a2200000$$$4500
001 0116624
005 20240226124402.5
020 |a 978-0-13-713335-2 
020 |a 0-13-713335-9 
041 0 |a eng 
044 |a US 
245 1 0 |a Microeconomics  |c Robert S. Pindyck, Daniel L. Rubinfeld 
250 |a 7th ed. 
264 1 |a Upper Saddle River  |b Pearson/Prentice Hall  |c 2009 
300 |a 736 s.  |e Student access code inside 
490 1 |a Pearson international edition 
830 0 |a Pearson international edition 
610 2 0 |a mikroekonomika 
610 2 0 |a trh 
610 2 0 |a ceny 
610 2 0 |a výrobcovia 
610 2 0 |a spotrebitelia 
610 2 0 |a konkurencia trhová 
610 2 0 |a informácie 
100 1 |a Pindyck, Robert S. 
700 1 |a Rubinfeld, Daniel L.